Astrological analysis of Indian affairs: (Record no. 13723)

MARC details
000 -LEADER
fixed length control field 00888nam a22002297a 4500
005 - DATE AND TIME OF LATEST TRANSACTION
control field 20080617095622.0
008 - FIXED-LENGTH DATA ELEMENTS--GENERAL INFORMATION
fixed length control field 080617t xxu||||| |||| 00| 0 eng d
010 ## - LIBRARY OF CONGRESS CONTROL NUMBER
LC control number ENG-90348
020 ## - INTERNATIONAL STANDARD BOOK NUMBER
International Standard Book Number 8189973029
Terms of availability 790.00
035 ## - SYSTEM CONTROL NUMBER
System control number EN-73881
037 ## - SOURCE OF ACQUISITION
Source of stock number/acquisition DBAD / PUB
040 ## - CATALOGING SOURCE
Original cataloging agency DPL
Language of cataloging EN
082 ## - DEWEY DECIMAL CLASSIFICATION NUMBER
Classification number 133.58954
100 ## - MAIN ENTRY--PERSONAL NAME
Personal name Dhruva
245 ## - TITLE STATEMENT
Title Astrological analysis of Indian affairs:
Remainder of title (1947-2050) /
Statement of responsibility, etc by Dhruva
260 ## - PUBLICATION, DISTRIBUTION, ETC. (IMPRINT)
Place of publication, distribution, etc New Delhi
Name of publisher, distributor, etc Readworthy Publications
Date of publication, distribution, etc 2008
270 ## - ADDRESS
Address A-18, Mohan Garden, Near Nawada Metro Station,
City New Delhi
Postal code 110059
Telephone number 011-25371324
300 ## - PHYSICAL DESCRIPTION
Extent xvi, 268p.
Dimensions 23 cm (Hb)
500 ## - GENERAL NOTE
General note Includes appendix and glossary
942 ## - ADDED ENTRY ELEMENTS (KOHA)
Koha item type English Books
Classification part 133.58954
Source of classification or shelving scheme Dewey Decimal Classification
Call number suffix DHR
Holdings
Withdrawn status Lost status Damaged status Not for loan Collection code Home library Current library Date acquired Source of acquisition Cost, normal purchase price Total Checkouts Full call number Barcode Date last seen Copy number Cost, replacement price Price effective from Koha item type
      Not For Loan Non-fiction D.B.Act.Division D.B.Act.Division 17/06/2008 DBAD / PUB 790.00   133.58954 DHR EN-73881 15/09/2008 1 790.00 15/09/2008 English Books

© Delhi Public Library
Hit Counter
free hit counter